000 01316nam a2200337Ia 4500
001 ebr5004132
003 CaPaEBR
006 m u
007 cr cn|||||||||
008 960717s1997 enka sb 001 0 eng d
010 _z 96031848
015 _aGB97-27649
020 _z0415148146 (alk. paper)
040 _aCaPaEBR
_cCaPaEBR
035 _a(OCoLC)51067019
050 1 4 _aLA633
_b.T44 1997eb
082 0 4 _a372.941
_220
245 0 0 _aTeaching in the primary school
_h[electronic resource] :
_ba learning relationship /
_cedited by Neil Kitson and Roger Merry.
260 _aLondon ;
_aNew York :
_bRoutledge,
_c1997.
300 _avi, 195 p. :
_bill.
504 _aIncludes bibliographical references and index.
533 _aElectronic reproduction.
_bPalo Alto, Calif. :
_cebrary,
_d2013.
_nAvailable via World Wide Web.
_nAccess may be limited to ebrary affiliated libraries.
650 0 _aEducation, Elementary
_zGreat Britain.
650 0 _aElementary school teaching
_zGreat Britain.
650 0 _aChild development
_zGreat Britain.
655 7 _aElectronic books.
_2local
700 1 _aKitson, Neil.
700 1 _aMerry, Roger.
710 2 _aebrary, Inc.
856 4 0 _uhttp://site.ebrary.com/lib/rucke/Doc?id=5004132
_zAn electronic book accessible through the World Wide Web; click to view
999 _c734
_d734